|
|
|
แสดงรายละเอียดบรรณานุกรม |
|
|
Brief Record
: Get Marc (ISO 2709)
: E-mail record
: |
|
|
| LEADER 00000nam 2200000uu 4500 | |||
| 001 13399109167 | |||
| 003 BCNR | |||
| 008 101213s2548||||th 000 0 tha d | |||
| 020 9749508173 | |||
| 060 04 WS200^bส576ค 2548 | |||
| 100 0 สันต์ หัตถีรัตน์ | |||
| 245 10 คู่มือกู้ชีพเด็ก :^bสำหรับแพทย์ พยาบาลและบุคคลากรสาธารณสุข /^cโดย สันต์ หัตถีรัตน์ | |||
| 250 พิมพ์ครั้งที่ 1 | |||
| 260 กรุงเทพฯ :^bหมอชาวบ้าน,^c2548 | |||
| 300 0128 หน้า ;^c21 ซม. | |||
| 504 บรรณานุกรม | |||
| 650 2 Asphyxia^xin infancy & childhood | |||
| 650 2 Resuscitation^xin infancy & childhood | |||
| 650 7 การช่วยชีวิต^xในวัยทารกและวัยเด็ก | |||
| 650 7 การดูแลขั้นวิกฤต^xในวัยทารกและวัยเด็ก | |||
| 650 7 ปฐมพยาบาล | |||
| 650 7 การช่วยให้ฟื้น^xในวัยทารกและวัยเด็ก | |||
| 999 ^aบรรณารักษ์ | |||
| คุณยังไม่ได้ล็อกอิน คุณสามารถมีกิจกรรมร่วมกับเว็บไซต์ได้ แต่ต้องล็อกอินก่อน :: |
|
| สถานะ | |||||||||
| 1. | หนังสือ | WS200 ส576ค 2548 ฉ.1 Barcode: 030149 | ►หนังสือทั่วไป | On Shelf | |||||
| 2. | หนังสือ | WS200 ส576ค 2548 ฉ.2 Barcode: 030150 | ►หนังสือทั่วไป | On Shelf | |||||
| 3. | หนังสือ | WS200 ส576ค 2548 ฉ.3 Barcode: 030151 | ►หนังสือทั่วไป | On Shelf | |||||
| 4. | หนังสือ | WS200 ส576ค 2548 ฉ.4 Barcode: 030618 | ►หนังสือทั่วไป | On Shelf | |||||
| [แสดง 4/4 รายการ] | |||||||||
| รายการใกล้เคียง ผู้แต่ง [สันต์ หัตถีรัตน์]
หัวเรื่อง [ปฐมพยาบาล]
|
BibComment |
| คอมเมนท์ทรัพยากรรายการนี้ |
|
|